Statistics for Countries by Satellite Image (Yellow Box)

Click here to take the quiz!

General Stats

  • This quiz has been taken 37 times
  • The average score is 10 of 12

Answer Stats

Answer% Correct
Cyprus
100%
Egypt
96%
Mexico
96%
Argentina
89%
Netherlands
89%
Sri Lanka
89%
Greece
82%
Madagascar
82%
UAE
75%
South Korea
68%
Bangladesh
64%
Estonia
64%

Score Distribution

Percentile by Number Answered

Percent of People with Each Score

Your Score History

You have not taken this quiz